[Event "Montcalm 1 2023-24"]
[Site "Quebec CAN"]
[Date "2023.09.07"]
[Round "1"]
[White "Sauve, Richard"]
[Black "Dumont, Eric"]
[Result "1-0"]
[WhiteElo "1981"]
[BlackElo "1720"]
[PlyCount "129"]
[EventDate "2023.09.07"]
[EventType "swiss"]
[EventRounds "5"]
[EventCountry "CAN"]

1. d4 d5 2. c4 c6 3. Nc3 Nf6 4. e3 g6 5. Nf3 Bg7 6. Bd3 Nbd7 7. O-O O-O 8. Qb3
dxc4 9. Bxc4 e6 10. Rd1 Nb6 11. Be2 Qc7 12. Bd2 Nbd5 13. Rac1 Qb6 14. Qc2 Nxc3
15. Bxc3 Bd7 16. Ne5 Rfc8 17. Bf3 Be8 18. Qd2 Qc7 19. e4 Nd7 20. Nc4 Nb6 21.
Na3 Qe7 22. Bb4 Qh4 23. Qe2 Qd8 24. Nc2 a5 25. Ba3 Qg5 26. Bc5 Na4 27. Ba3 Nb6
28. Ne3 Qb5 29. Qd2 Qa4 30. Qc2 Qxc2 31. Rxc2 Rd8 32. Rcd2 Bh6 33. b3 Bf8 34.
Bxf8 Kxf8 35. Kf1 Nd7 36. Nc4 Ke7 37. e5 f6 38. exf6+ Kxf6 39. Ne5 Nxe5 40.
dxe5+ Ke7 41. Rxd8 Rxd8 42. Rxd8 Kxd8 43. Ke2 Kc7 44. Ke3 b5 45. Kd3 c5 46. Bg4
Bf7 47. f4 Kb6 48. Bf3 h6 49. Be4 g5 50. fxg5 hxg5 51. h3 Bh5 52. g3 Kc7 53. h4
gxh4 54. gxh4 Bg4 55. Ke3 c4 56. bxc4 b4 57. Bc2 Kb6 58. Kd4 Bh5 59. Ba4 Bg4
60. c5+ Kc7 61. Be8 Bd1 62. h5 a4 63. h6 b3 64. axb3 a3 65. Kc3 1-0

[Event "Montcalm 1 2023-24"]
[Site "Quebec CAN"]
[Date "2023.09.07"]
[Round "1"]
[White "Simmons, Eric Andrew"]
[Black "Plante, Gabriel"]
[Result "1-0"]
[WhiteElo "1771"]
[BlackElo "1447"]
[PlyCount "65"]
[EventDate "2023.09.07"]
[EventType "swiss"]
[EventRounds "5"]
[EventCountry "CAN"]

1. e4 d6 2. d4 Nf6 3. Bd3 g6 4. Nf3 Bg7 5. Be3 O-O 6. Qd2 Ng4 7. Bf4 e5 8. dxe5
dxe5 9. Bg5 f6 10. Bh4 Be6 11. h3 Nh6 12. Nc3 Nd7 13. Ng5 Qe8 14. Nxe6 Qxe6 15.
Qe2 Qb6 16. Rb1 c6 17. O-O Nf7 18. Bc4 Qc7 19. Rbd1 b5 20. Be6 Nc5 21. Qg4 Kh8
22. Bb3 Rad8 23. Qf3 Nxb3 24. axb3 Rd6 25. Rxd6 Nxd6 26. Rd1 f5 27. Qd3 Nxe4
28. Nxe4 fxe4 29. Qxe4 Rf4 30. Bd8 Qc8 31. Qe3 Rd4 32. Rxd4 exd4 33. Qe8+ 1-0

[Event "Montcalm 1 2023-24"]
[Site "Quebec CAN"]
[Date "2023.09.14"]
[Round "2"]
[White "Boissinot, Claude"]
[Black "Oliver, Vance"]
[Result "0-1"]
[WhiteElo "1512"]
[BlackElo "1599"]
[PlyCount "66"]
[EventDate "2023.09.07"]
[EventType "swiss"]
[EventRounds "5"]
[EventCountry "CAN"]

1. e4 d6 2. d4 Nf6 3. Nc3 g6 4. f4 Bg7 5. Nf3 O-O 6. h3 c5 7. Bc4 cxd4 8. Nxd4
Nxe4 9. Nxe4 d5 10. Bb3 dxe4 11. c3 e5 12. fxe5 Qh4+ 13. Kf1 Bxe5 14. Be3 Na6
15. Qd2 Nc5 16. Bd1 Be6 17. Bg5 Qg3 18. Be2 Rad8 19. Bxd8 Rxd8 20. b4 e3 21.
Qe1 Qf4+ 22. Nf3 Ne4 23. Kg1 Bxc3 24. Qc1 Bxa1 25. Qxa1 Ng3 26. Bd1 e2 27. Bc2
Qe3+ 28. Kh2 Nxh1 29. Kxh1 Bxh3 30. Ne1 Be6 31. Nf3 Rd5 32. Qb1 Rh5+ 33. Nh2
e1=Q+ 0-1

[Event "Montcalm 1 2023-24"]
[Site "Quebec CAN"]
[Date "2023.09.14"]
[Round "2"]
[White "Diotte, Jean-Raymond"]
[Black "Fecteau, Martin"]
[Result "0-1"]
[WhiteElo "1353"]
[BlackElo "1914"]
[PlyCount "60"]
[EventDate "2023.09.07"]
[EventType "swiss"]
[EventRounds "5"]
[EventCountry "CAN"]

1. d4 Nf6 2. c4 e6 3. Nc3 Bb4 4. a3 Bxc3+ 5. bxc3 O-O 6. Qc2 d6 7. e4 e5 8. d5
h6 9. Be2 Nbd7 10. Be3 b6 11. f3 Nc5 12. Bd1 Nh5 13. Ne2 f5 14. O-O fxe4 15.
Bxc5 bxc5 16. fxe4 Rxf1+ 17. Kxf1 Qh4 18. Ng3 Nxg3+ 19. hxg3 Qxg3 20. Bf3 Bd7
21. Qf2 Qxf2+ 22. Kxf2 Rb8 23. Ke3 Ba4 24. Kd3 Rb2 25. Bd1 Bxd1 26. Rxd1 Rxg2
27. Rb1 h5 28. Rb7 h4 29. Rxa7 h3 30. Ra8+ Kh7 0-1

[Event "Montcalm 1 2023-24"]
[Site "Quebec CAN"]
[Date "2023.09.14"]
[Round "2"]
[White "Drolet, Stephane"]
[Black "Laflamme, Simon"]
[Result "1/2-1/2"]
[WhiteElo "2020"]
[BlackElo "1893"]
[PlyCount "64"]
[EventDate "2023.09.07"]
[EventType "swiss"]
[EventRounds "5"]
[EventCountry "CAN"]

1. d4 d5 2. Nf3 e6 3. Bf4 c5 4. c3 Nf6 5. e3 Nc6 6. Nbd2 cxd4 7. exd4 Nh5 8.
Be3 Bd6 9. Ne5 Nf6 10. f4 Qb6 11. Qb3 Ng8 12. Bb5 Nge7 13. a4 O-O 14. Bf2 f6
15. Nd3 Qc7 16. g3 e5 17. fxe5 fxe5 18. dxe5 Nxe5 19. Nxe5 Bxe5 20. Ne4 Kh8 21.
Nd2 Bh3 22. Bf1 Bg4 23. Qb4 Qd7 24. h3 Be6 25. Nb3 Nc6 26. Qh4 Bf6 27. Qh5 Bf7
28. Qg4 Rae8+ 29. Kd1 Be6 30. Qh5 Bf7 31. Qg4 Be6 32. Qh5 Bf7 1/2-1/2

[Event "Montcalm 1 2023-24"]
[Site "Quebec CAN"]
[Date "2023.09.14"]
[Round "2"]
[White "Fleury, Dominic"]
[Black "Marquis, Paul"]
[Result "0-1"]
[WhiteElo "1445"]
[BlackElo "1962"]
[PlyCount "88"]
[EventDate "2023.09.07"]
[EventType "swiss"]
[EventRounds "5"]
[EventCountry "CAN"]

1. e4 e6 2. c4 c5 3. Nf3 Nc6 4. Nc3 d6 5. d3 g6 6. Be2 Bg7 7. O-O Nge7 8. h3
O-O 9. Nh2 f5 10. Re1 Nd4 11. Bf3 Nxf3+ 12. Nxf3 f4 13. e5 dxe5 14. Nxe5 Bxe5
15. Rxe5 Qd6 16. Re1 e5 17. Ne4 Qc7 18. b3 Nf5 19. Bb2 Nd4 20. Bxd4 exd4 21. f3
Bf5 22. Qe2 Qc6 23. Qf2 Rae8 24. Re2 Bxe4 25. dxe4 Re5 26. b4 Rd8 27. b5 Qe6
28. Rc1 d3 29. Rd2 Rd4 30. Rc3 Rxc4 31. Rcxd3 Rd4 32. Rxd4 cxd4 33. Qxd4 Qb6
34. Qxb6 axb6 35. Rd5 Rxd5 36. exd5 Kf7 37. Kf2 Ke7 38. Ke2 Kd6 39. Kd3 Kxd5
40. a4 g5 41. Kc3 Kc5 42. Kb3 Kd4 43. a5 bxa5 44. b6 Kc5 0-1

[Event "Montcalm 1 2023-24"]
[Site "Quebec CAN"]
[Date "2023.09.14"]
[Round "2"]
[White "Fridmann, Clement"]
[Black "Perreault, Jacquelin"]
[Result "0-1"]
[WhiteElo "1419"]
[BlackElo "1732"]
[PlyCount "104"]
[EventDate "2023.09.07"]
[EventType "swiss"]
[EventRounds "5"]
[EventCountry "CAN"]

1. e4 c5 2. Nf3 d6 3. Bc4 e6 4. O-O a6 5. a4 Nc6 6. Re1 Nf6 7. d4 cxd4 8. Nxd4
Be7 9. Nxc6 bxc6 10. e5 dxe5 11. Qf3 Qc7 12. Qg3 O-O 13. Bh6 Ne8 14. Nd2 Kh8
15. Bg5 Nf6 16. Bd3 g6 17. Qh4 Ng8 18. Nf3 Kg7 19. Bxe7 Qxe7 20. Qg3 f6 21. Nh4
Qf7 22. Re4 Ne7 23. Qh3 Nf5 24. Nxf5+ exf5 25. Rh4 Rh8 26. Bc4 f4 27. Rxh7+
Rxh7 28. Qxh7+ Kxh7 29. Bxf7 Bf5 30. c3 Rd8 31. b4 e4 32. Bc4 Bc8 33. Kf1 Rd2
34. Re1 f5 35. Rc1 e3 36. fxe3 fxe3 37. a5 f4 38. Be2 g5 39. h3 Kg6 40. Ke1 Kf6
41. Rd1 Rxd1+ 42. Kxd1 Ke5 43. Kc2 Bf5+ 44. Kb3 Be4 45. Bf1 f3 46. gxf3 Bxf3
47. Bxa6 e2 48. Bxe2 Bxe2 49. c4 Kd4 50. c5 Bf1 51. Ka4 Bb5+ 52. Kb3 Kd3 0-1

[Event "Montcalm 1 2023-24"]
[Site "Quebec CAN"]
[Date "2023.09.14"]
[Round "2"]
[White "Genest, Dominic"]
[Black "Pepin, Pierre-Luc"]
[Result "1-0"]
[WhiteElo "1734"]
[BlackElo "1189"]
[PlyCount "71"]
[EventDate "2023.09.07"]
[EventType "swiss"]
[EventRounds "5"]
[EventCountry "CAN"]

1. c4 c5 2. g3 Nc6 3. Nc3 g6 4. Bg2 Bg7 5. e3 e5 6. Nge2 Nf6 7. O-O O-O 8. d3
a6 9. Rb1 Qc7 10. b3 d6 11. f4 exf4 12. Nxf4 Re8 13. Nfd5 Nxd5 14. Nxd5 Qd8 15.
Bb2 Bxb2 16. Rxb2 Kg7 17. Rbf2 f5 18. h4 h5 19. Qd2 Be6 20. Qc3+ Kh6 21. Nf4
Ne5 22. Bxb7 Ra7 23. Nxe6 Rxe6 24. Bd5 Re8 25. e4 Ng4 26. Rf3 fxe4 27. Bxe4 Ne5
28. Rf6 Ree7 29. d4 cxd4 30. Qd2+ Kg7 31. Qxd4 Rad7 32. Rxg6+ Kh8 33. Rgf6 Kg7
34. Qe3 Qa5 35. Qg5+ Kh8 36. Rf8# 1-0

[Event "Montcalm 1 2023-24"]
[Site "Quebec CAN"]
[Date "2023.09.14"]
[Round "2"]
[White "Lapierre, Gaetan"]
[Black "Cournoyer, Dominic"]
[Result "1/2-1/2"]
[WhiteElo "1824"]
[BlackElo "1922"]
[PlyCount "58"]
[EventDate "2023.09.07"]
[EventType "swiss"]
[EventRounds "5"]
[EventCountry "CAN"]

1. e4 d5 2. exd5 Qxd5 3. d4 Nf6 4. Nf3 c6 5. Be2 Bg4 6. O-O e6 7. h3 Bh5 8. c4
Qd8 9. Nc3 Bd6 10. Be3 Nbd7 11. a3 O-O 12. d5 exd5 13. cxd5 cxd5 14. Nxd5 Nxd5
15. Qxd5 Nf6 16. Qd4 Be7 17. Rfd1 Qxd4 18. Bxd4 Rfd8 19. Rac1 Nd5 20. g3 b6 21.
Kf1 f6 22. Rc2 Rac8 23. Rcd2 Bg6 24. Ba6 Rc2 25. Rxc2 Bxc2 26. Rd2 Bg6 27. Nh4
Bf7 28. Nf5 Bf8 29. Ne3 Nxe3+ 1/2-1/2

[Event "Montcalm 1 2023-24"]
[Site "Quebec CAN"]
[Date "2023.09.14"]
[Round "2"]
[White "Mercure, Gilbert"]
[Black "Sauve, Richard"]
[Result "1-0"]
[WhiteElo "1853"]
[BlackElo "1981"]
[PlyCount "79"]
[EventDate "2023.09.07"]
[EventType "swiss"]
[EventRounds "5"]
[EventCountry "CAN"]

1. e4 d5 2. exd5 Qxd5 3. Nc3 Qa5 4. b4 Qxb4 5. Rb1 Qd6 6. Rb3 Nf6 7. Nf3 c6 8.
d4 g6 9. Bc4 Bg7 10. Ba3 Qc7 11. O-O O-O 12. d5 b5 13. d6 exd6 14. Bxd6 Qa5 15.
Bb4 Qd8 16. Bxf8 Qxf8 17. Nxb5 cxb5 18. Bd5 Nxd5 19. Qxd5 Be6 20. Qxa8 Bxb3 21.
cxb3 Na6 22. Qxf8+ Kxf8 23. Rc1 Nb4 24. a4 bxa4 25. bxa4 a6 26. Rc4 Nd5 27. Rc6
Nb4 28. Rb6 Bc3 29. Rb7 h6 30. Ne5 Bxe5 31. Rxb4 a5 32. Rb5 Bc3 33. g4 Ke7 34.
f4 Ke6 35. Kg2 Bd2 36. Kf3 f6 37. Ke4 Ke7 38. h4 Ke6 39. h5 Kf7 40. Rb7+ 1-0

[Event "Montcalm 1 2023-24"]
[Site "Quebec CAN"]
[Date "2023.09.14"]
[Round "2"]
[White "Plante, Rejean"]
[Black "Simmons, Eric Andrew"]
[Result "1-0"]
[WhiteElo "1949"]
[BlackElo "1771"]
[PlyCount "49"]
[EventDate "2023.09.07"]
[EventType "swiss"]
[EventRounds "5"]
[EventCountry "CAN"]

1. c4 e5 2. Nc3 Nf6 3. g3 Bc5 4. Bg2 Nc6 5. e3 O-O 6. a3 a5 7. Nge2 d6 8. O-O
Be6 9. Nd5 Rb8 10. d4 exd4 11. exd4 Ba7 12. Nxf6+ Qxf6 13. d5 Ne5 14. dxe6 fxe6
15. Be3 Bxe3 16. fxe3 Qh6 17. Qd4 Qg5 18. Rxf8+ Rxf8 19. Rf1 Rxf1+ 20. Kxf1
Qf5+ 21. Ke1 Nd3+ 22. Kd2 Nc5 23. Kd1 Qb1+ 24. Nc1 Nd3 25. Qxd3 1-0

[Event "Montcalm 1 2023-24"]
[Site "Quebec CAN"]
[Date "2023.09.14"]
[Round "2"]
[White "Sarra-Bournet, Marc"]
[Black "Hasbun, Merick"]
[Result "1-0"]
[WhiteElo "1918"]
[BlackElo "1144"]
[PlyCount "129"]
[EventDate "2023.09.07"]
[EventType "swiss"]
[EventRounds "5"]
[EventCountry "CAN"]

1. e4 c6 2. d4 d5 3. Nc3 dxe4 4. Nxe4 Bf5 5. Ng3 Bg6 6. Nf3 Nf6 7. Ne5 e6 8.
Nxg6 hxg6 9. c3 Nbd7 10. Bd3 c5 11. O-O cxd4 12. cxd4 Be7 13. Qe2 O-O 14. Bg5
Nb6 15. Rad1 Nfd5 16. Bxe7 Qxe7 17. Bb1 Rfd8 18. Rfe1 Rd7 19. Ne4 Nf6 20. Nc5
Rd6 21. Qf3 Nbd5 22. Qg3 Rad8 23. Ne4 Nxe4 24. Rxe4 Nf6 25. Rh4 Nh5 26. Qh3 Qf6
27. Rg4 Rxd4 28. Rgxd4 Rxd4 29. Rc1 Rd2 30. Rc8+ Rd8 31. Qc3 Kh7 32. Rxd8 Qxd8
33. Qf3 Nf6 34. h3 Qd2 35. Kh2 Qxb2 36. Qb3 Qxb3 37. axb3 b6 38. Kg3 Kh6 39.
Kf4 Nd7 40. b4 a6 41. Bd3 a5 42. bxa5 bxa5 43. Bb5 Nc5 44. Ke5 a4 45. Kd4 Nb7
46. Bxa4 Kg5 47. Bc6 Nd6 48. Kc5 Nf5 49. g3 Kh5 50. g4+ Kg5 51. gxf5 Kxf5 52.
Be8 f6 53. Bd7 Ke5 54. Kc4 Kf4 55. Bc6 e5 56. Kd3 g5 57. Ke2 g4 58. h4 g3 59.
f3 f5 60. Kf1 e4 61. fxe4 fxe4 62. Kg2 e3 63. Bf3 Ke5 64. Kxg3 Kd4 65. Kg4 1-0

[Event "Montcalm 1 2023-24"]
[Site "Quebec CAN"]
[Date "2023.09.21"]
[Round "3"]
[White "Boissinot, Claude"]
[Black "Diotte, Jean-Raymond"]
[Result "0-1"]
[WhiteElo "1512"]
[BlackElo "1353"]
[PlyCount "58"]
[EventDate "2023.09.07"]
[EventType "swiss"]
[EventRounds "5"]
[EventCountry "CAN"]

1. e4 c5 2. d4 cxd4 3. c3 Nf6 4. e5 Nd5 5. Bc4 Nb6 6. Bb3 e6 7. cxd4 d5 8. Nf3
Be7 9. Nc3 a6 10. Be3 Bd7 11. O-O O-O 12. Rc1 Nc6 13. a3 Na5 14. Ba2 Nac4 15.
Qe2 Rc8 16. Bb1 Nxe3 17. fxe3 Nc4 18. Ne1 Bg5 19. Rf3 f6 20. Rh3 g6 21. Nd3
fxe5 22. Nxe5 Nxe5 23. dxe5 Rf7 24. Rd1 Qc7 25. Rf3 Qxe5 26. Rdf1 Rcf8 27. Qd2
Rxf3 28. Rxf3 Rxf3 29. Nd1 Rxe3 0-1

[Event "Montcalm 1 2023-24"]
[Site "Quebec CAN"]
[Date "2023.09.21"]
[Round "3"]
[White "Duguay-Piron, Simon"]
[Black "Drolet, Stephane"]
[Result "0-1"]
[WhiteElo "1589"]
[BlackElo "2020"]
[PlyCount "184"]
[EventDate "2023.09.07"]
[EventType "swiss"]
[EventRounds "5"]
[EventCountry "CAN"]

1. e4 c5 2. Nf3 a6 3. d4 cxd4 4. Nxd4 e5 5. Nf3 Nf6 6. Bc4 h6 7. O-O Nc6 8. Nc3
b5 9. Bb3 Bc5 10. a4 b4 11. Nd5 O-O 12. Re1 d6 13. h3 Bb7 14. Qd3 Na5 15. Nxf6+
Qxf6 16. Bd5 Nc6 17. Be3 Rfd8 18. Nh2 Qe7 19. c3 Rac8 20. Rad1 bxc3 21. bxc3
Na5 22. Nf1 Qd7 23. Bxc5 Rxc5 24. Ne3 Rdc8 25. Bxb7 Nxb7 26. Qxa6 Ra5 27. Qb6
Rxa4 28. Nd5 Nc5 29. Qb1 Qa7 30. Qb6 Qd7 31. Ra1 Rca8 32. Rxa4 Nxa4 33. Qb4 Qd8
34. Ra1 Nc5 35. Rb1 Kh7 36. Qc4 Qh4 37. Re1 f5 38. Qe2 Nxe4 39. Qf3 Rf8 40. Ne3
Ng5 41. Qd5 Rf6 42. Qd3 e4 43. Qd5 Nxh3+ 44. gxh3 Qxh3 45. Nxf5 Qxf5 46. Qxf5+
Rxf5 47. Rxe4 Rf3 48. Rd4 Rf6 49. Kg2 Kg8 50. Kg3 Kf7 51. f4 Ke7 52. Ra4 g6 53.
Ra7+ Ke6 54. Rh7 h5 55. Rc7 Kf5 56. Kf3 g5 57. fxg5 Kxg5+ 58. Kg2 d5 59. Rd7
Rf5 60. Rh7 Kf4 61. Kf2 Rg5 62. Rh6 Ke4 63. Ke2 Rg2+ 64. Kf1 Rg5 65. Ke2 Kf4
66. Kf2 Kg4 67. Kg2 h4 68. Rh8 Rh5 69. Rf8 Rf5 70. Ra8 Rf4 71. Rg8+ Kf5 72. Kh3
Ke4 73. Rd8 Rf3+ 74. Kxh4 Rxc3 75. Re8+ Kd3 76. Kg3 d4 77. Kf2 Kd2 78. Re2+ Kd3
79. Re8 Rc5 80. Re7 Rh5 81. Kf3 Rh1 82. Rd7 Kc3 83. Ke2 Rh2+ 84. Ke1 Kd3 85.
Re7 Rh1+ 86. Kf2 Kd2 87. Re2+ Kd1 88. Re4 d3 89. Rd4 d2 90. Ke3 Rh3+ 91. Kf2
Kc2 92. Ke2 Rh2+ 0-1

[Event "Montcalm 1 2023-24"]
[Site "Quebec CAN"]
[Date "2023.09.21"]
[Round "3"]
[White "Dumont, Eric"]
[Black "Sarra-Bournet, Marc"]
[Result "0-1"]
[WhiteElo "1720"]
[BlackElo "1918"]
[PlyCount "134"]
[EventDate "2023.09.07"]
[EventType "swiss"]
[EventRounds "5"]
[EventCountry "CAN"]

1. d4 d5 2. Bf4 Nf6 3. e3 e6 4. Nd2 Bd6 5. Bg3 O-O 6. f4 c5 7. c3 Nc6 8. Ngf3
cxd4 9. exd4 Ne7 10. Ne5 Nf5 11. Bf2 Ne4 12. Nxe4 dxe4 13. Qe2 f6 14. Nc4 Bxf4
15. Qxe4 Qc7 16. Bd3 g6 17. g3 Bh6 18. O-O Bd7 19. Rae1 Rae8 20. d5 b5 21. d6
Nxd6 22. Nxd6 Qxd6 23. Bxa7 e5 24. Rd1 Qc7 25. Qd5+ Be6 26. Qc5 Qb7 27. Be2 Ra8
28. Bb6 Rac8 29. Qf2 Rc6 30. Be3 Bxe3 31. Qxe3 Qb8 32. b3 f5 33. g4 f4 34. Qd3
Qa7+ 35. Rf2 Rc5 36. Qd6 Re8 37. Qd2 Rd5 38. Qc2 Red8 39. Rxd5 Rxd5 40. c4 Rc5
41. b4 Rxc4 42. Bxc4 Bxc4 43. Qe4 Qa4 44. Qc2 Qxb4 45. Rd2 Qc5+ 46. Rf2 Qe3 47.
Qd2 Qxd2 48. Rxd2 h5 49. gxh5 gxh5 50. a3 Kg7 51. Rd6 e4 52. Rd4 Bd3 53. Rb4
Kg6 54. Kf2 Kg5 55. Rd4 Kg4 56. a4 bxa4 57. Rxa4 Kh3 58. Ra5 h4 59. Re5 Kxh2
60. Re7 Kh3 61. Rg7 Bc4 62. Rg5 Be6 63. Rg7 Bg4 64. Ra7 e3+ 65. Ke1 f3 66. Kf1
Kg3 67. Re7 Bh3+ 0-1

[Event "Montcalm 1 2023-24"]
[Site "Quebec CAN"]
[Date "2023.09.21"]
[Round "3"]
[White "Fecteau, Martin"]
[Black "Plante, Rejean"]
[Result "0-1"]
[WhiteElo "1914"]
[BlackElo "1949"]
[PlyCount "56"]
[EventDate "2023.09.07"]
[EventType "swiss"]
[EventRounds "5"]
[EventCountry "CAN"]

1. Nf3 Nf6 2. c4 c5 3. g3 Nc6 4. Bg2 g6 5. Nc3 Bg7 6. O-O O-O 7. d3 d5 8. cxd5
Nxd5 9. Bd2 Nc7 10. a3 h6 11. Qc1 Kh7 12. Ne4 Nd4 13. Nxd4 cxd4 14. Nc5 Rb8 15.
b4 b6 16. Nb3 Be6 17. Qb2 Bd5 18. Rac1 Bxg2 19. Kxg2 e5 20. Kg1 Ne6 21. Rc2 Qd5
22. Rfc1 e4 23. Be1 exd3 24. exd3 Ng5 25. Nd2 Nh3+ 26. Kf1 Qh1+ 27. Ke2 Rbe8+
28. Ne4 Rxe4+ 0-1

[Event "Montcalm 1 2023-24"]
[Site "Quebec CAN"]
[Date "2023.09.21"]
[Round "3"]
[White "Glode, Martin"]
[Black "Laflamme, Simon"]
[Result "1/2-1/2"]
[WhiteElo "1899"]
[BlackElo "1893"]
[PlyCount "98"]
[EventDate "2023.09.07"]
[EventType "swiss"]
[EventRounds "5"]
[EventCountry "CAN"]

1. e4 e6 2. d4 d5 3. exd5 exd5 4. Nf3 Nf6 5. Bd3 Bd6 6. Qe2+ Qe7 7. Qxe7+ Bxe7
8. O-O O-O 9. Re1 Nc6 10. c3 Bg4 11. Nbd2 Rfe8 12. h3 Bh5 13. Re3 Bd6 14. Nf1
Rxe3 15. Bxe3 Bxf3 16. gxf3 Nh5 17. Ng3 Nxg3 18. fxg3 Bxg3 19. Kg2 Re8 20. Bd2
Bd6 21. Kf2 h6 22. Rg1 Kf8 23. Rg4 Nd8 24. Bf5 Ne6 25. Bd3 h5 26. Rg1 Nf4 27.
Bf1 c6 28. Be3 Ng6 29. Bd3 Bf4 30. Re1 h4 31. Re2 Bg3+ 32. Kf1 Nf4 33. Bxf4
Bxf4 34. Bf5 Rxe2 35. Kxe2 Ke7 36. Bc8 b6 37. b3 Kd6 38. Kd3 Kc7 39. Ba6 Kd6
40. Bc8 Kc7 41. Ba6 g5 42. c4 f5 43. cxd5 cxd5 44. Kc3 g4 45. fxg4 fxg4 46.
hxg4 h3 47. Bf1 h2 48. Bg2 Kd6 49. Kd3 Ke6 1/2-1/2

[Event "Montcalm 1 2023-24"]
[Site "Quebec CAN"]
[Date "2023.09.21"]
[Round "3"]
[White "Marquis, Paul"]
[Black "Lapierre, Gaetan"]
[Result "1-0"]
[WhiteElo "1962"]
[BlackElo "1752"]
[PlyCount "31"]
[EventDate "2023.09.07"]
[EventType "swiss"]
[EventRounds "5"]
[EventCountry "CAN"]

1. e4 d6 2. d4 Nf6 3. Nc3 g6 4. Be2 c6 5. Be3 Bg7 6. h3 O-O 7. Qd2 e5 8. O-O-O
Nbd7 9. dxe5 dxe5 10. g4 Qc7 11. g5 Ne8 12. h4 b5 13. h5 f5 14. hxg6 f4 15.
Nxb5 cxb5 16. Qd5+ 1-0

[Event "Montcalm 1 2023-24"]
[Site "Quebec CAN"]
[Date "2023.09.21"]
[Round "3"]
[White "Mercure, Gilbert"]
[Black "Desbiens, Raphael"]
[Result "0-1"]
[WhiteElo "1853"]
[BlackElo "2134"]
[PlyCount "80"]
[EventDate "2023.09.07"]
[EventType "swiss"]
[EventRounds "5"]
[EventCountry "CAN"]

1. e4 e5 2. Nf3 Nc6 3. Bc4 Bc5 4. b4 Bxb4 5. c3 Ba5 6. d4 exd4 7. Qb3 Qe7 8.
O-O Bb6 9. cxd4 Nxd4 10. Nxd4 Bxd4 11. Nc3 Nf6 12. Nb5 d5 13. exd5 Bc5 14. Bf4
O-O 15. Bxc7 Ne4 16. Bg3 Nd2 17. Qd3 Nxf1 18. d6 Qf6 19. Rxf1 Be6 20. Nc7 Bxc4
21. Qxc4 Bxd6 22. Nxa8 Rxa8 23. Bh4 Qe5 24. Bg3 Qe7 25. f4 Bc5+ 26. Kh1 Re8 27.
h4 Qe2 28. Qc1 Qg4 29. Rf3 b6 30. Qd2 h5 31. Kh2 Qf5 32. Rd3 Re7 33. Rd8+ Kh7
34. Rd5 Re2 35. Qd1 Qg4 36. Qb1+ g6 37. Rg5 Qf3 38. Be1 Qxf4+ 39. Kh3 Re3+ 40.
Bg3 Bd6 0-1

[Event "Montcalm 1 2023-24"]
[Site "Quebec CAN"]
[Date "2023.09.21"]
[Round "3"]
[White "Oliver, Vance"]
[Black "Cournoyer, Dominic"]
[Result "0-1"]
[WhiteElo "1599"]
[BlackElo "1922"]
[PlyCount "58"]
[EventDate "2023.09.07"]
[EventType "swiss"]
[EventRounds "5"]
[EventCountry "CAN"]

1. Nf3 Nf6 2. g3 d5 3. Bg2 c6 4. d3 g6 5. O-O Bg7 6. Nbd2 O-O 7. e4 dxe4 8.
dxe4 Qc7 9. Qe2 Rd8 10. Re1 e5 11. h3 b6 12. Nh2 Ba6 13. Qf3 Nbd7 14. Ndf1 h6
15. Ne3 Qd6 16. Neg4 Kh7 17. Rd1 Qe6 18. Qa3 Be2 19. Rd6 Qe7 20. Be3 h5 21.
Nxf6+ Nxf6 22. Rxc6 Qxa3 23. bxa3 Rac8 24. Rxc8 Rxc8 25. Rc1 Bf8 26. Bf3 Bb5
27. c3 Bxa3 28. Rb1 Bd3 29. Bg5 Bxb1 0-1

[Event "Montcalm 1 2023-24"]
[Site "Quebec CAN"]
[Date "2023.09.21"]
[Round "3"]
[White "Pepin, Pierre-Luc"]
[Black "Jardine, Robert"]
[Result "0-1"]
[WhiteElo "1189"]
[BlackElo "1151"]
[PlyCount "132"]
[EventDate "2023.09.07"]
[EventType "swiss"]
[EventRounds "5"]
[EventCountry "CAN"]

1. e4 d6 2. d4 Nf6 3. Nc3 g6 4. h3 Bg7 5. Nf3 O-O 6. Bc4 c6 7. O-O Nbd7 8. Re1
e5 9. dxe5 Nxe5 10. Nxe5 dxe5 11. Qxd8 Rxd8 12. f3 b5 13. Bb3 a5 14. a4 b4 15.
Ne2 c5 16. Be3 Bf8 17. Rad1 Ba6 18. Rxd8 Rxd8 19. c4 Ne8 20. Ba2 Nc7 21. b3 Ne6
22. f4 Bg7 23. f5 gxf5 24. exf5 Nd4 25. Nxd4 exd4 26. Rd1 Be5 27. Bb1 f6 28.
Be4 Kg7 29. Bf2 Rh8 30. Rd3 h6 31. Bg3 Bxg3 32. Rxg3+ Kh7 33. Rg6 Rf8 34. Kf2
Bc8 35. g4 Bd7 36. Bd5 Be8 37. Bg8+ Rxg8 38. Rxg8 Kxg8 39. h4 Kg7 40. h5 Bc6
41. Kg3 Be4 42. Kf4 Bc2 43. Kf3 Bxb3 44. Ke2 Bxc4+ 45. Kd2 Ba6 46. Kc2 c4 47.
Kd2 Bb7 48. Kc2 Bf3 49. Kd2 Bxg4 50. Kc2 Bxf5+ 51. Kd2 Bg4 52. Kc2 Bxh5 53. Kd2
Kg6 54. Kc2 Kf5 55. Kd2 Ke4 56. Kc2 Ke3 57. Kb2 Kd2 58. Ka2 Be2 59. Kb2 h5 60.
Ka2 h4 61. Kb2 h3 62. Ka2 h2 63. Kb2 h1=Q 64. Ka2 Qf3 65. Kb2 Qa3+ 66. Kb1 Bd3#
0-1

[Event "Montcalm 1 2023-24"]
[Site "Quebec CAN"]
[Date "2023.09.21"]
[Round "3"]
[White "Perreault, Jacquelin"]
[Black "Plante, Gabriel"]
[Result "1-0"]
[WhiteElo "1732"]
[BlackElo "1447"]
[PlyCount "61"]
[EventDate "2023.09.07"]
[EventType "swiss"]
[EventRounds "5"]
[EventCountry "CAN"]

1. e4 d6 2. d4 Nf6 3. Nc3 g6 4. Be3 a6 5. a4 Nc6 6. Qd2 e5 7. Nge2 Ng4 8. Bg5
f6 9. Bh4 Bg7 10. f3 Bh6 11. f4 exf4 12. Nxf4 g5 13. h3 gxh4 14. hxg4 Bxf4 15.
Qxf4 Nxd4 16. O-O-O Ne6 17. Qh6 Ng5 18. Rxh4 Be6 19. Bd3 Qe7 20. Nd5 Bxd5 21.
exd5 O-O-O 22. Rhh1 Qf7 23. Rhf1 Rhf8 24. Rf5 Qg6 25. Qh4 Rde8 26. Rdf1 Qg7 27.
Qf2 Ne4 28. Bxe4 Rxe4 29. g5 Rxa4 30. Kb1 Qf7 31. Rxf6 1-0

[Event "Montcalm 1 2023-24"]
[Site "Quebec CAN"]
[Date "2023.09.21"]
[Round "3"]
[White "Sauve, Richard"]
[Black "Genest, Dominic"]
[Result "0-1"]
[WhiteElo "1981"]
[BlackElo "1734"]
[PlyCount "54"]
[EventDate "2023.09.07"]
[EventType "swiss"]
[EventRounds "5"]
[EventCountry "CAN"]

1. d4 d5 2. c4 e6 3. Nc3 Nf6 4. Nf3 c6 5. e3 Nbd7 6. Bd3 dxc4 7. Bxc4 b5 8. Bd3
a6 9. O-O c5 10. Qe2 Bd6 11. Ne4 Nxe4 12. Bxe4 Ra7 13. a4 Bb7 14. Bxb7 Rxb7 15.
axb5 axb5 16. dxc5 Bxc5 17. Rd1 O-O 18. Ne5 Qe7 19. Nc6 Qf6 20. Ra5 e5 21. Qf3
Qxf3 22. gxf3 Rc8 23. Ra6 Rbc7 24. b3 f6 25. Ba3 Rxc6 26. Rxc6 Rxc6 27. b4 Rd6
0-1

[Event "Montcalm 1 2023-24"]
[Site "Quebec CAN"]
[Date "2023.09.21"]
[Round "3"]
[White "Simmons, Eric Andrew"]
[Black "Brown, Zachary"]
[Result "1-0"]
[WhiteElo "1771"]
[BlackElo "1537"]
[PlyCount "65"]
[EventDate "2023.09.07"]
[EventType "swiss"]
[EventRounds "5"]
[EventCountry "CAN"]

1. Nf3 Nf6 2. c4 g6 3. d4 Bg7 4. Nc3 d5 5. cxd5 Nxd5 6. e4 Nxc3 7. bxc3 c5 8.
Bc4 Nc6 9. Be3 O-O 10. O-O Bg4 11. e5 cxd4 12. cxd4 Bxf3 13. gxf3 e6 14. Rb1
Rb8 15. f4 Qh4 16. Qf3 Rfd8 17. Rfd1 Na5 18. Be2 b6 19. d5 exd5 20. Rxd5 Rxd5
21. Qxd5 Qd8 22. Qe4 Qe7 23. Rd1 Qa3 24. Rd2 Qc1+ 25. Kg2 Qc6 26. Qxc6 Nxc6 27.
Rd7 Rd8 28. Rc7 Nd4 29. Bc4 a5 30. Rxf7 Kh8 31. Rb7 b5 32. Bxb5 Nc2 33. Bb6 1-0

[Event "Montcalm 1 2023-24"]
[Site "Quebec CAN"]
[Date "2023.09.28"]
[Round "4"]
[White "Boyer, Vincent"]
[Black "Fleury, Dominic"]
[Result "1-0"]
[WhiteElo "1291"]
[BlackElo "1445"]
[PlyCount "71"]
[EventDate "2023.09.07"]
[EventType "swiss"]
[EventRounds "5"]
[EventCountry "CAN"]

1. d4 d5 2. Bf4 Nf6 3. e3 g6 4. c3 Bg7 5. Nd2 Nc6 6. Bb5 Bd7 7. Qb3 O-O 8. Ngf3
e6 9. Ne5 Nh5 10. Nxc6 bxc6 11. Bd3 Nxf4 12. exf4 Qf6 13. g3 Rab8 14. Qa3 Rfd8
15. Nb3 Bf8 16. Nc5 Bxc5 17. Qxc5 Rxb2 18. Qxa7 Rdb8 19. Qxc7 Qe7 20. O-O f6
21. Rfb1 Rc8 22. Qxc8+ Bxc8 23. Rxb2 Kg7 24. a4 c5 25. a5 c4 26. Bc2 e5 27.
fxe5 fxe5 28. dxe5 Qxe5 29. a6 Qxc3 30. a7 Bh3 31. Rb7+ Kh6 32. Rxh7+ Kxh7 33.
a8=Q Qf3 34. Ra7+ Kh6 35. Qh8+ Kg5 36. Qxh3 1-0